| 000 | 01007cam a2200289 a 4500 | ||
|---|---|---|---|
| 001 | 16458453 | ||
| 005 | 20201128021147.0 | ||
| 008 | 100914s2010 xxuk frb 001 0 eng d | ||
| 010 | _a2010282201 | ||
| 020 | _a9780230612310 | ||
| 020 | _a0230612318 | ||
| 040 |
_aUKM _cUKM _dBTCTA _dBAKER _dYDXCP _dC#P _dBWX _dVP@ _dDLC _dEG-ScBUE |
||
| 082 | 0 | 0 |
_a332.0424 _222 _bCOH |
| 100 | 1 |
_a Cohan, Peter S., _d1957- _936923 |
|
| 245 | 1 | 0 |
_aCapital rising : _bhow capital flows are changing business systems all over the world / _cby Peter S. Cohan and U. Srinivasa Rangan. |
| 250 | _a1st ed. | ||
| 260 |
_aNew York, United States : _bPalgrave Macmillan, _c2010. |
||
| 300 |
_a268 p. : _bforms ; _c25 cm. |
||
| 500 | _aIndex : p. 255-268. | ||
| 504 | _aBibliography : p. [235]-253. | ||
| 650 | 0 |
_aCapital movements _vCase studies _936924 |
|
| 650 | 0 |
_aGlobalization _92820 |
|
| 653 |
_bBUSADM _cDecember2014 |
||
| 655 |
_vreading book _934232 |
||
| 700 | 1 |
_aRangan, U. Srinivasa _936925 |
|
| 942 |
_2ddc _k332.0424 COH |
||
| 999 |
_c18775 _d18747 |
||